И какво? Ще ставаш джедай? (Запис номер 179109)
[ съкратено ]
| 000 -Лидер | |
|---|---|
| Контролно поле с фиксирана дължина | 01980nam a2200397 c 4500 |
| 003 - Код на организацията, давaща контролен номер | |
| Контролно поле | BLK |
| 005 - Дата и час на последна редакция | |
| Контролно поле | 20250716134720.0 |
| 008 - Елементи от данни с фиксирана дължина | |
| fixed length control field | 180411b bul|||||r ||||||| ||bul|| |
| 010 ## - Наследен системен номер | |
| LC control number | KNG00187881000 |
| 020 ## - Международен стандартен номер на книга ISBN | |
| Международен стандартен номер на книга ISBN | 978-954-27-1524-5 |
| -- | издат.: Егмонт България |
| 040 ## - Източник на каталожния запис | |
| Идентификатор на билиотеката - собственик на записа | BLK |
| 041 ## - Код за език | |
| Код за езика на текст/звукозапис или на отделно заглавие | Български |
| Код за езика КДБФ | Български |
| 072 #7 - Код за тематичната категория | |
| Код организация | bullib |
| Код за тематична категория | Н85 |
| Текст | Детска художествена литература Н |
| 080 ## - УДК | |
| Текстов определител УДК | Американска литература (на САЩ) |
| УДК код - определител по УДК | 821.111(73) |
| УДК определител | -91-312.9 |
| УДК - код + определител | 821.111(73)-91-312.9 |
| 100 1# - Редна дума - Автор | |
| Автор | Гидуиц, Адам |
| Авторска отговорност | първи автор |
| R(LIN) | 54009 |
| 139 ## - Редно поле | |
| Редна дума | Гидуиц, Адам |
| Авторски знак | Ги - Г 46 |
| 245 10 - Сведения за заглавието | |
| Заглавие | И какво? Ще ставаш джедай? |
| Подзаглавни данни | Оригинален преразказ на Междузвездни войни: Империята отвръща на удара |
| Редно поле (дума) | Адам Гидуиц; прев. Александър Валентинов Маринов; ил. Джо Джонстън. |
| 257 ## - Страна на издаване | |
| Страна на създаване/издаване | Съединени американски щати |
| 260 ## - Област на издателските данни | |
| -- | София |
| Име на издателя, разпространителя и проч. | Егмонт България |
| Година на издаване | 2015 |
| Печатница | София : Инвестпрес |
| 300 ## - Физическа характеристика | |
| Страници | 304 с. |
| Илюстрации и др. | с ил. |
| Размери/Мащаб | 19 см |
| 380 ## - Жанр | |
| Жанр | Детска худож. лит. |
| 490 1# - СЕРИИ (Колекции) | |
| Име на серия | Star Wars |
| 500 ## - Общи забележки | |
| Забележка | Ориг. загл. So You Want to Be a Jedi? - Името на ил. Joe Johnston погрешно отпеч. Joe Johnson. - За автора. |
| 653 ## - Ключова дума – ненормативна | |
| Ключова дума | литература за деца |
| 653 ## - Ключова дума – ненормативна | |
| Ключова дума | фантастика |
| 653 ## - Ключова дума – ненормативна | |
| Ключова дума | детска литература |
| 659 ## - Тематичен бюлетин | |
| Тематичен бюлетин | Н |
| 700 ## - Други автори (авторска отговорност) | |
| Лично име | Маринов, Александър Валентинов |
| Дати, свързани с автора | 1979- |
| Друга информация | Преводач от/на английски език |
| Пълна форма на името | Александър Маринов-Санчо |
| 9 (RLIN) | 382244 |
| 700 1# - Други автори (авторска отговорност) | |
| Лично име | Джонстън, Джо |
| Автороска отговорност (Описва отношението между автора и произведението) | ил. |
| 9 (RLIN) | 341657 |
| 852 ## - Местоположение | |
| Форматна сигнатура | Цб 280564 |
| 856 4# - Електронен адрес и достъп | |
| Електронен формат | pdf - файл |
| Път до файла /url/ | |
| 856 4# - Електронен адрес и достъп | |
| Електронен формат | pdf - файл |
| Път до файла /url/ | |
| 942 ## - АРТИКУЛИ | |
| Вид на библиотечния материал | Книги |
| Скрит в OPAC | Не |
| Koha issues (borrowed), all copies | 14 |
| 944 ## - СЪЗДАВАНЕ И РЕДАКЦИЯ на ЗАПИСА | |
| Създаване/Редакция | Създаване |
| Дата на регистрацията/редакция | 19.05.2016 |
| Статус, дата на статуса | Анна Гръцманова |
| Служител, извършил регистрацията/редакцията | 30564 |
| 944 ## - СЪЗДАВАНЕ И РЕДАКЦИЯ на ЗАПИСА | |
| Създаване/Редакция | Редакция |
| Дата на регистрацията/редакция | 05.06.2017 |
| Статус, дата на статуса | ф / |
| Служител, извършил регистрацията/редакцията | Людмила_Стоянова |
| 999 ## - СИСТЕМНИ КОНТРОЛНИ НОМЕРА | |
| Koha biblionumber | 179109 |
| Koha biblioitemnumber | 179109 |
| Код за отписване | Код за изгубен артикул | Код за повреда | Коз за рестрикции | Код за отдаване | Артикулен № | Име на библиотеката - собственик | Име на библиотеката, в която се намира в момента | Статус (Текущо местоположение) | Дата на вписване в системата | Местоположение - отдел | Цена в лева | Инвентарен номер | Систематично азбучна сигнатура | Баркод | Номер на екземпляра | Цена в евро | Служебна бележка | Служебен тип на артикула |
|---|---|---|---|---|---|---|---|---|---|---|---|---|---|---|---|---|---|---|
| Не е изгубен | Не е повреден | без рестрикции | ползва се в читалня | 307298 | Регионална библиотека "Любен Каравелов" Русе | Регионална библиотека "Любен Каравелов" Русе | Хранилище | 2016-05-20 | Хранилище | 14.90 | 120000800241 | Цб 280564 | 120000800241 | 1 | 7.62 | Дост: Dp Вид: Д N: 15 Дата: 24.03.2016 | Книги | |
| Не е изгубен | Не е повреден | без рестрикции | заемане за дома | 307299 | Регионална библиотека "Любен Каравелов" Русе | Регионална библиотека "Любен Каравелов" Русе | Детски отдел | 2017-05-04 | Детски отдел | 14.90 | 120000810613 | ДХ 820/899/Г 46 | 120000810613 | 2 | 7.62 | Дост: DA Вид: А N: 19 Дата: 04.05.2017 | Книги |